Gitanjali: (Record no. 69430)

MARC details
000 -LEADER
fixed length control field 01626nam a22002777a 4500
005 - DATE AND TIME OF LATEST TRANSACTION
control field 20120828121920.0
010 ## - LCCN (DPL NO)
LC control number B-462304-308
020 ## - INTERNATIONAL STANDARD BOOK NUMBER
International Standard Book Number 9788131311899
Terms of availability 495.00
035 ## - SYSTEM CONTROL NUMBER
System control number B-462304-308
037 ## - SOURCE OF ACQUISITION
Stock number dpl
Source of stock number/acquisition K.K. Pub/Ven
082 ## - DEWEY DECIMAL CLASSIFICATION NUMBER
Classification number 863.1
100 ## - MAIN ENTRY--PERSONAL NAME
Personal name Tagore, Rabindranath
245 ## - TITLE STATEMENT
Title Gitanjali:
Statement of responsibility, etc by Kamal shankar srivastava [and] sangeeta srivastava
Remainder of title Song Offerings/
260 ## - PUBLICATION, DISTRIBUTION, ETC. (IMPRINT)
Place of publication, distribution, etc New Delhi
Name of publisher, distributor, etc APH Publication
Date of publication, distribution, etc 2011
270 ## - ADDRESS
Address 4435-36/7 Ansri Road Daryaganj
City New Delhi
Postal code 110002
300 ## - PHYSICAL DESCRIPTION
Extent 138p.
Dimensions 22cm(Hb)
500 ## - GENERAL NOTE
General note it includes index.
700 ## - ADDED ENTRY--PERSONAL NAME
Personal name Translated by Ratan K. Chattopadhyay
9 (RLIN) 51645
942 ## - ADDED ENTRY ELEMENTS (KOHA)
Source of classification or shelving scheme Dewey Decimal Classification
Item type English Books
Classification part 863.1
Call number suffix TAG
Holdings
Withdrawn status Lost status Not for loan Collection code Home library Current library Date acquired Source of acquisition Cost, normal purchase price Full call number Barcode Copy number Cost, replacement price Koha item type
      Non-fiction Bawana Bawana 29/08/2012 K.K.Pub/1531/26.12.2011/SP83/12.12.2011/15.02.2012 495.00 863.1TAG B-462307 1 495.00 English Books
      Non-fiction Central Library Central Library 29/08/2012 K.K.Pub/1531/26.12.2011/SP83/12.12.2011/15.02.2012 495.00 863.1TAG B-462304 1 495.00 English Books
      Non-fiction Patel Nagar Patel Nagar 29/08/2012 K.K.Pub/1531/26.12.2011/SP83/12.12.2011/15.02.2012 495.00 863.1TAG B-462305 1 495.00 English Books
      Non-fiction Sarojini Nagar Sarojini Nagar 29/08/2012 K.K.Pub/1531/26.12.2011/SP83/12.12.2011/15.02.2012 495.00 863.1TAG B-462306 1 495.00 English Books
      Non-fiction Shahdara Branch Shahdara Branch 29/08/2012 K.K.Pub/1531/26.12.2011/SP83/12.12.2011/15.02.2012 495.00 863.1TAG B-462308 1 495.00 English Books

© Delhi Public Library
Hit Counter
free hit counter